Famous People from Kansas - Statistics

General Stats
  • This quiz has been taken 1,318 times
    1,131 since last reset
  • The average score is 6 of 10
Answer Stats
Hint Hometown Kansan % Correct
Girl who traveled to Oz - Dorothy Gale
92%
Aviatrix who disappeared over the Pacific Atchison Amelia Earhart
91%
Five-star general and U.S. President Abilene Dwight D. Eisenhower
85%
Mild-mannered reporter Smallville Clark Kent
76%
Mischevious boy who harasses Mr. Wilson Wichita Dennis the Menace
61%
Lawman who lived in Kansas before his shootout at the O.K. Corral Wichita / Dodge City Wyatt Earp
59%
1996 Republican nominee for President Russell Bob Dole
54%
Elusive Detroit Lions running back Wichita Barry Sanders
46%
Whistle-blower who was the subject of a Julia Roberts movie Lawrence Erin Brockovich
43%
Kansas City Royal who hit .390 in 1981 Mission Hills George Brett
37%
No matching quizzes found
Score Distribution
Percent of People with Each Score
Percentile by Number Answered
Your Score History
You have not taken this quiz since the last reset